Διεθνείς σχέσεις : ρεαλιστική προσέγγιση, θεωρία και πράξη
Αποθηκεύτηκε σε:
| Κύριος συγγραφέας: | |
|---|---|
| Μορφή: | Βιβλίο |
| Γλώσσα: | Greek |
| Δημοσίευση: |
Αθήνα ;
Ποιότητα,
2010.
|
| Θέματα: | |
| Ετικέτες: |
Προσθήκη ετικέτας
Δεν υπάρχουν, Καταχωρήστε ετικέτα πρώτοι!
|
MARC
| LEADER | 00000nam a2200000 a 4500 | ||
|---|---|---|---|
| 001 | 1/110759 | ||
| 008 | 160519s2010####gr | ||| |||| ||gre|| | ||
| 020 | |a 9789607803610 | ||
| 040 | |a GR-MyUa |b gre |c GR-MyUa |e AACR2 | ||
| 041 | 0 | |a gre | |
| 082 | 7 | |a 327.101 |2 (23) | |
| 100 | 1 | |a Σπυρόπουλος, Γεώργιος. | |
| 245 | 1 | 0 | |a Διεθνείς σχέσεις : |b ρεαλιστική προσέγγιση, θεωρία και πράξη / |c Γεώργιος Μ. Σπυρόπουλος. |
| 260 | |a Αθήνα ; |b Ποιότητα, |c 2010. | ||
| 300 | |a 449 σ. ; |c 21 εκ. | ||
| 504 | |a Περιλαμβάνει βιβλιογραφικές παραπομπές και ευρετήριο. | ||
| 650 | 0 | |a International relations. | |
| 650 | 0 | |a World politics. | |
| 650 | 0 | |a Globalization. | |
| 650 | 0 | |a International relations |x History. | |
| 852 | |a INST |b RHODES |c EUDOXUS |e 20160519 |h 327.101 ΣΠΥ |p 005400038432 |q 005400038432 |t EDX |y 0 | ||
| 920 | |a Εύδοξος |b Παραγγελία |y Ρόδος-ΤΜΣ |z 2016-04 | ||
| 970 | |z 19-05-2016 | ||